[Event "I Campeonato Brasileiro de Xadrez via I"]
[Site "Internet Chess Club"]
[Date "2008.12.21"]
[Round "2.32"]
[White "Fier, Alexandr"]
[Black "Santos, Marcus Vinicius Mor"]
[Result "1/2-1/2"]
[WhiteElo "2581"]
[BlackElo "2394"]
[PlyCount "73"]
[EventDate "2008.12.21"]
[Source "lmi"]
[SourceDate "2008.12.21"]

1. e4 c6 2. d4 d5 3. e5 c5 4. dxc5 Nc6 5. Nf3 Bg4 6. Bb5 e6 7. b4 Nge7 8. a3
Nf5 9. Bb2 Nh4 10. Kf1 Nxf3 11. gxf3 Bh3+ 12. Ke2 Qh4 13. Qd4 Qh5 14. Nd2 g6
15. Rhg1 Bh6 16. Rg3 O-O 17. Bxc6 bxc6 18. Rag1 Bf5 19. Kd1 a5 20. c3 Bg7 21.
Rg5 Qh6 22. Qe3 Rfe8 23. Nb3 Qxh2 24. Nxa5 Bh6 25. Nxc6 Bxg5 26. Rxg5 Qh1+ 27.
Ke2 Qb1 28. Qd2 Qa2 29. Nd4 Qc4+ 30. Ke1 h5 31. Rg1 h4 32. Qh6 h3 33. Nxf5 exf5
34. Rxg6+ fxg6 35. Qxg6+ Kf8 36. Qf6+ Kg8 37. Qg6+ 1/2-1/2

[Event "I Campeonato Brasileiro de Xadrez via I"]
[Site "Internet Chess Club"]
[Date "2008.12.21"]
[Round "2.41"]
[White "Leitao, Rafael"]
[Black "Matsuura, Everaldo"]
[Result "1-0"]
[WhiteElo "2590"]
[BlackElo "2469"]
[PlyCount "63"]
[EventDate "2008.12.21"]
[Source "lmi"]
[SourceDate "2008.12.21"]

1. d4 d5 2. c4 c6 3. Nf3 Nf6 4. e3 e6 5. b3 Nbd7 6. Bb2 Bd6 7. Bd3 O-O 8. O-O
Qe7 9. Nbd2 b6 10. Ne5 Bb7 11. f4 c5 12. Qe2 Ne4 13. Nxe4 dxe4 14. Bc2 f6 15.
Nxd7 Qxd7 16. Rad1 Qe7 17. g4 Rad8 18. Qg2 f5 19. gxf5 exf5 20. d5 a6 21. Kh1
Rf7 22. Rg1 b5 23. Qf2 bxc4 24. bxc4 a5 25. Rg5 Qd7 26. Rdg1 Bf8 27. Be5 Ba6
28. Qe2 Qb7 29. d6 Qb4 30. Qg2 Rdd7 31. Bd1 Qxc4 32. Bb3 1-0

[Event "I Campeonato Brasileiro de Xadrez via I"]
[Site "Internet Chess Club"]
[Date "2008.12.21"]
[Round "2.42"]
[White "Matsuura, Everaldo"]
[Black "Leitao, Rafael"]
[Result "0-1"]
[WhiteElo "2469"]
[BlackElo "2590"]
[PlyCount "110"]
[EventDate "2008.12.21"]
[Source "lmi"]
[SourceDate "2008.12.21"]

1. e4 c5 2. Nf3 Nc6 3. d4 cxd4 4. Nxd4 e6 5. Nc3 a6 6. Be2 d6 7. O-O Nf6 8. Be3
Be7 9. f4 O-O 10. Qe1 Bd7 11. Nb3 b5 12. a3 b4 13. axb4 Nxb4 14. Rc1 a5 15. Bf3
Rb8 16. e5 dxe5 17. fxe5 Nfd5 18. Nxd5 Nxd5 19. Bxd5 exd5 20. Qxa5 Qxa5 21.
Nxa5 Rxb2 22. Bd4 Ra2 23. Nb7 Rb8 24. Nd6 f6 25. Rb1 Raa8 26. Rxb8+ Rxb8 27.
Nf5 Bxf5 28. Rxf5 Rc8 29. c3 g6 30. Rf3 fxe5 31. Bxe5 Bc5+ 32. Kf1 Rf8 33.
Rxf8+ Kxf8 34. Ke2 Kf7 35. Kf3 Ke6 36. Bg7 Kf5 37. Bh6 Bd6 38. h3 Bc5 39. g4+
Ke6 40. Bg7 Bd6 41. Bd4 Bc7 42. Ke3 Bd6 43. Kf3 Bc7 44. Ke2 Bd6 45. Kf3 Bc7 46.
h4 Bd6 47. h5 gxh5 48. gxh5 Kf5 49. Be3 Be5 50. Bd2 Bf6 51. Be3 Bxc3 52. Ke2 d4
53. Bh6 Kg4 54. Kd3 Kxh5 55. Bg7 Kg4 0-1

[Event "I Campeonato Brasileiro de Xadrez via I"]
[Site "Internet Chess Club"]
[Date "2008.12.21"]
[Round "3.11"]
[White "Mecking, Henrique"]
[Black "Diamant, Andre"]
[Result "1-0"]
[WhiteElo "2567"]
[BlackElo "2412"]
[PlyCount "69"]
[EventDate "2008.12.21"]
[Source "lmi"]
[SourceDate "2008.12.21"]

1. d4 Nf6 2. c4 g6 3. Nc3 Bg7 4. e4 d6 5. Nf3 O-O 6. Be2 e5 7. O-O Nc6 8. d5
Ne7 9. Nd2 a5 10. a3 Nd7 11. Rb1 f5 12. b4 axb4 13. axb4 Nf6 14. f3 f4 15. c5
g5 16. Nc4 h5 17. Nb5 Ne8 18. Bd2 Rf6 19. Ra1 Rxa1 20. Qxa1 Bd7 21. Qa5 Qb8 22.
Nxc7 Nxc7 23. cxd6 Ncxd5 24. dxe7 Nxe7 25. Qxe5 Qa7+ 26. Kh1 Nc6 27. Qxg5 Nd4
28. Bd3 Be8 29. Bxf4 Rg6 30. Qd5+ Bf7 31. Qd8+ Kh7 32. e5 Ne6 33. Qd7 Qa2 34.
Bxg6+ Kxg6 35. Qd3# 1-0

[Event "I Campeonato Brasileiro de Xadrez via I"]
[Site "Internet Chess Club"]
[Date "2008.12.21"]
[Round "3.12"]
[White "Diamant, Andre"]
[Black "Mecking, Henrique"]
[Result "1/2-1/2"]
[WhiteElo "2412"]
[BlackElo "2567"]
[PlyCount "165"]
[EventDate "2008.12.21"]
[Source "lmi"]
[SourceDate "2008.12.21"]

1. e4 e5 2. Nf3 Nc6 3. Bb5 a6 4. Ba4 Nf6 5. O-O Be7 6. Re1 b5 7. Bb3 d6 8. c3
O-O 9. h3 Na5 10. Bc2 c5 11. d4 Nd7 12. dxc5 dxc5 13. Nbd2 Bb7 14. Nh2 Qc7 15.
Qf3 Nf6 16. Ndf1 Nc4 17. Ng3 Nd6 18. Ng4 Nxg4 19. Qxg4 Bc8 20. Qf3 f6 21. a4
Be6 22. Nf5 b4 23. Qg4 Nxf5 24. exf5 Bd5 25. Be4 Bxe4 26. Qxe4 bxc3 27. bxc3
Rfd8 28. Be3 Kh8 29. Rad1 h6 30. Rd5 Rxd5 31. Qxd5 Rd8 32. Qc4 Qd7 33. Qxa6
Qxf5 34. Qb7 Qd7 35. Rb1 Qxb7 36. Rxb7 Bf8 37. a5 Kh7 38. a6 Ra8 39. a7 Bd6 40.
Rd7 Bf8 41. c4 Kg6 42. g4 h5 43. Kg2 hxg4 44. hxg4 f5 45. gxf5+ Kxf5 46. Kf3
e4+ 47. Ke2 Ke6 48. Rb7 Kd6 49. Rf7 Kc6 50. f3 exf3+ 51. Kxf3 g6 52. Kg4 Bd6
53. Bf4 Bxf4 54. Kxf4 Kb6 55. Kg5 Rxa7 56. Rxa7 Kxa7 57. Kxg6 Kb6 58. Kf5 Kc6
59. Ke6 Kc7 60. Kd5 Kd7 61. Kxc5 Kc7 62. Kb5 Kb7 63. Kc5 Kc7 64. Kd5 Kd7 65.
Kc5 Kc7 66. Kb5 Kb7 67. c5 Kc7 68. Kc4 Kc6 69. Kd4 Kc7 70. Kd5 Kd7 71. Kc4 Kc6
72. Kb4 Kc7 73. Kb5 Kb7 74. c6+ Kc7 75. Kc5 Kc8 76. Kd5 Kc7 77. Kc5 Kc8 78. Kb6
Kb8 79. Kb5 Kc7 80. Kc5 Kc8 81. Kd6 Kd8 82. c7+ Kc8 83. Kc6 1/2-1/2

[Event "I Campeonato Brasileiro de Xadrez via I"]
[Site "Internet Chess Club"]
[Date "2008.12.21"]
[Round "3.13"]
[White "Mecking, Henrique"]
[Black "Diamant, Andre"]
[Result "1/2-1/2"]
[WhiteElo "2567"]
[BlackElo "2412"]
[PlyCount "44"]
[EventDate "2008.12.21"]
[Source "lmi"]
[SourceDate "2008.12.21"]

1. d4 Nf6 2. c4 g6 3. Nc3 Bg7 4. e4 d6 5. Nf3 O-O 6. Be2 e5 7. O-O exd4 8. Nxd4
Nc6 9. Be3 Re8 10. f3 Nh5 11. Qd2 Nf4 12. Bxf4 Nxd4 13. Bd3 Be6 14. Rad1 c5 15.
Kh1 a6 16. Ne2 Qd7 17. Nxd4 Bxd4 18. Be3 Bxe3 19. Qxe3 b5 20. b3 bxc4 21. Bxc4
Bxc4 22. bxc4 Qe6 1/2-1/2

[Event "I Campeonato Brasileiro de Xadrez via I"]
[Site "Internet Chess Club"]
[Date "2008.12.21"]
[Round "3.14"]
[White "Diamant, Andre"]
[Black "Mecking, Henrique"]
[Result "1/2-1/2"]
[WhiteElo "2412"]
[BlackElo "2567"]
[PlyCount "137"]
[EventDate "2008.12.21"]
[Source "lmi"]
[SourceDate "2008.12.21"]

1. e4 e5 2. Nf3 Nc6 3. Bb5 a6 4. Ba4 Nf6 5. O-O Be7 6. Re1 b5 7. Bb3 d6 8. c3
O-O 9. h3 Na5 10. Bc2 c5 11. d4 Qc7 12. Nbd2 cxd4 13. cxd4 Nc6 14. Nb3 a5 15.
Be3 a4 16. Nbd2 Bd7 17. a3 Rfe8 18. Rc1 Qb7 19. Bd3 exd4 20. Nxd4 Ne5 21. Bb1
d5 22. f4 Nc4 23. e5 Ne4 24. Nxe4 dxe4 25. Bf2 Nxb2 26. Qh5 g6 27. Qe2 Nd3 28.
Bxd3 exd3 29. Qxd3 b4 30. f5 Rad8 31. e6 Bc8 32. exf7+ Kxf7 33. Qc4+ Qd5 34.
fxg6+ hxg6 35. axb4 Qxc4 36. Rxc4 Bf6 37. Rf1 Bxd4 38. Bxd4+ Kg8 39. Bf6 Ba6
40. Rc6 Bxf1 41. Bxd8 Bxg2 42. Kxg2 Rxd8 43. Rxg6+ Kf7 44. Ra6 Rd2+ 45. Kg3 Ra2
46. h4 a3 47. Kf4 Rb2 48. Ra4 a2 49. Kg3 Rb3+ 50. Kg2 Rb2+ 51. Kg3 Rb3+ 52. Kh2
Rb2+ 53. Kg3 Rb3+ 54. Kh2 Rb2+ 55. Kg3 Rb3+ 56. Kf2 Rb2+ 57. Ke3 Rb3+ 58. Kd2
Rxb4 59. Rxa2 Rxh4 60. Ke3 Kg6 61. Kf3 Rc4 62. Kg3 Kf6 63. Ra5 Ke6 64. Kf3 Kd6
65. Ke3 Rb4 66. Rg5 Rc4 67. Kd3 Rf4 68. Rh5 Rg4 69. Ke3 1/2-1/2

[Event "I Campeonato Brasileiro de Xadrez via I"]
[Site "Internet Chess Club"]
[Date "2008.12.21"]
[Round "3.21"]
[White "Leitao, Rafael"]
[Black "Fier, Alexandr"]
[Result "1/2-1/2"]
[WhiteElo "2590"]
[BlackElo "2581"]
[PlyCount "104"]
[EventDate "2008.12.21"]
[Source "lmi"]
[SourceDate "2008.12.21"]

1. d4 Nf6 2. c4 e6 3. Nf3 d5 4. Nc3 c6 5. e3 Nbd7 6. Qc2 Bd6 7. b3 O-O 8. Be2
b6 9. O-O Bb7 10. Bb2 Qe7 11. Rad1 Rad8 12. Rfe1 Rfe8 13. cxd5 exd5 14. g3 Ne4
15. Nxe4 dxe4 16. Nd2 Bb8 17. Nc4 Nf6 18. Ne5 c5 19. Bb5 Rf8 20. Nc6 Bxc6 21.
Bxc6 cxd4 22. exd4 Rc8 23. d5 Be5 24. Bxe5 Qxe5 25. b4 Rcd8 26. Qb3 Qh5 27. Kg2
Rd6 28. h3 Rfd8 29. Qe3 h6 30. g4 Qe5 31. b5 Nxd5 32. Bxd5 Rxd5 33. Rxd5 Qxd5
34. Qxe4 Qxb5 35. a4 Qd7 36. Re3 Qd5 37. Qxd5 Rxd5 38. Re8+ Kh7 39. Re7 Ra5 40.
Rxf7 Rxa4 41. f4 Kg6 42. Rb7 Rxf4 43. Rxa7 Rf6 44. h4 b5 45. Rb7 h5 46. Rxb5
hxg4 47. Rg5+ Kh6 48. Rxg4 Rg6 49. Rxg6+ Kxg6 50. Kg3 Kh5 51. Kh3 g5 52. hxg5
Kxg5 1/2-1/2

[Event "I Campeonato Brasileiro de Xadrez via I"]
[Site "Internet Chess Club"]
[Date "2008.12.21"]
[Round "3.22"]
[White "Fier, Alexandr"]
[Black "Leitao, Rafael"]
[Result "0-1"]
[WhiteElo "2581"]
[BlackElo "2590"]
[PlyCount "128"]
[EventDate "2008.12.21"]
[Source "lmi"]
[SourceDate "2008.12.21"]

1. e4 d6 2. d4 g6 3. Nc3 Bg7 4. f4 Nf6 5. Nf3 O-O 6. Bd3 Na6 7. e5 dxe5 8. fxe5
Nh5 9. O-O c5 10. d5 Bg4 11. Bxa6 bxa6 12. Qe1 Qc7 13. e6 fxe6 14. dxe6 Qc6 15.
Be3 Bxf3 16. gxf3 Rxf3 17. Rxf3 Qxf3 18. Qe2 Qf5 19. Rf1 Qxe6 20. Bxc5 Qxe2 21.
Nxe2 Bxb2 22. Rb1 Bf6 23. Be3 Rc8 24. c3 Rc4 25. Rb7 Ra4 26. Rxa7 Rxa2 27. Kf2
Bxc3 28. Rxe7 Bb4 29. Rb7 a5 30. Kf3 Ra1 31. Bd4 Rf1+ 32. Ke4 Rf7 33. Rb8+ Rf8
34. Rb7 Ra8 35. Nf4 Nxf4 36. Kxf4 Bf8 37. Ba1 a4 38. h4 a3 39. h5 gxh5 40. Kg5
Ra5+ 41. Kh4 Rd5 42. Ra7 Rf5 43. Bc3 Rf7 44. Ra8 Rf5 45. Ra7 h6 46. Ra8 Rf3 47.
Be5 Kf7 48. Ra6 Be7+ 49. Kxh5 Rf5+ 50. Kg4 Rxe5 51. Kf4 Rb5 52. Ke3 h5 53. Kf4
h4 54. Kg4 Ke8 55. Kh3 Kd7 56. Ra7+ Ke6 57. Ra6+ Kd5 58. Ra7 Bd6 59. Kxh4 Kc4
60. Kg4 Kb3 61. Ra6 Bc5 62. Kf3 a2 63. Ke2 Ba3 64. Kd3 a1=Q 0-1

[Event "I Campeonato Brasileiro de Xadrez via I"]
[Site "Internet Chess Club"]
[Date "2008.12.21"]
[Round "3.23"]
[White "Leitao, Rafael"]
[Black "Fier, Alexandr"]
[Result "1-0"]
[WhiteElo "2590"]
[BlackElo "2581"]
[PlyCount "71"]
[EventDate "2008.12.21"]
[Source "lmi"]
[SourceDate "2008.12.21"]

1. d4 Nf6 2. c4 e6 3. Nf3 d5 4. Nc3 c6 5. Bg5 dxc4 6. e4 b5 7. e5 h6 8. Bh4 g5
9. Nxg5 hxg5 10. Bxg5 Nbd7 11. g3 Bb7 12. Bg2 Qb6 13. exf6 O-O-O 14. O-O Bh6
15. Bxh6 Rxh6 16. b3 cxb3 17. Qxb3 Nxf6 18. a4 a6 19. Rfd1 b4 20. a5 Qc7 21.
Qxb4 Ng4 22. h3 Nf6 23. Rab1 Rh5 24. Rb2 Rxa5 25. Rdb1 Rd7 26. Qf8+ Rd8 27. Qh6
Ng8 28. Qd2 Ba8 29. Rb8+ Qxb8 30. Rxb8+ Kxb8 31. Qf4+ Kc8 32. Qxf7 Ra1+ 33. Kh2
Re1 34. Ne4 Bb7 35. Nc5 Rb1 36. Nxe6 1-0

[Event "I Campeonato Brasileiro de Xadrez via I"]
[Site "Internet Chess Club"]
[Date "2008.12.21"]
[Round "3.24"]
[White "Fier, Alexandr"]
[Black "Leitao, Rafael"]
[Result "0-1"]
[WhiteElo "2581"]
[BlackElo "2590"]
[PlyCount "42"]
[EventDate "2008.12.21"]
[Source "lmi"]
[SourceDate "2008.12.21"]

1. f4 Nf6 2. d3 d5 3. Nf3 c5 4. g3 Nc6 5. Bg2 Bg4 6. O-O Bxf3 7. Bxf3 e5 8.
fxe5 Nxe5 9. Bg2 Be7 10. Bg5 O-O 11. Nc3 d4 12. Bxf6 Bxf6 13. Nd5 Bg5 14. c4
Ng4 15. Qb3 Be3+ 16. Kh1 Qg5 17. Qxb7 Rab8 18. Ne7+ Kh8 19. Rxf7 h6 20. Rxf8+
Rxf8 21. Qe4 Nf2+ 0-1

[Event "I Campeonato Brasileiro de Xadrez via I"]
[Site "Internet Chess Club"]
[Date "2008.12.21"]
[Round "4.1"]
[White "Leitao, Rafael"]
[Black "Mecking, Henrique"]
[Result "0-1"]
[WhiteElo "2590"]
[BlackElo "2567"]
[PlyCount "148"]
[EventDate "2008.12.21"]
[Source "lmi"]
[SourceDate "2008.12.21"]

1. d4 Nf6 2. c4 e6 3. Nf3 d5 4. Nc3 c5 5. cxd5 Nxd5 6. e4 Nxc3 7. bxc3 cxd4 8.
cxd4 Bb4+ 9. Bd2 Bxd2+ 10. Qxd2 O-O 11. Bc4 Nc6 12. O-O b6 13. Rad1 Bb7 14. d5
exd5 15. Bxd5 Qe7 16. Qf4 Rad8 17. h4 Nb4 18. Bxb7 Qxb7 19. e5 Nd3 20. Qf5 Qd7
21. Qe4 Qd5 22. Qe3 Qc4 23. Rd2 Nc5 24. Rfd1 Rxd2 25. Rxd2 h6 26. Kh2 Ne6 27.
Nd4 Rd8 28. Nxe6 Qxh4+ 29. Kg1 Rxd2 30. Qxd2 fxe6 31. Qd7 Qc4 32. Qxa7 Qc1+ 33.
Kh2 Qf4+ 34. Kg1 Qxe5 35. Qxb6 Qa1+ 36. Kh2 Qxa2 37. Qd8+ Kh7 38. Qd3+ Kg8 39.
Qd8+ Kf7 40. Qc7+ Kf6 41. Qf4+ Kg6 42. Qe4+ Kf7 43. Qb7+ Kg8 44. Qc8+ Kh7 45.
Qf8 Qd5 46. f3 Qe5+ 47. Kg1 Qd4+ 48. Kh2 Qd5 49. Kg1 h5 50. Qf4 Kg6 51. Qf8
Qd4+ 52. Kh2 Qh4+ 53. Kg1 Qf6 54. Qe8+ Kh6 55. Qc6 h4 56. Qe4 g5 57. Qc4 Qe5
58. Kf2 Qg3+ 59. Kf1 Qe5 60. Kf2 Kg6 61. Qc2+ Kh6 62. Qc4 h3 63. gxh3 Qh2+ 64.
Ke3 Qxh3 65. Qc8 Qf5 66. Qh8+ Kg6 67. Qg8+ Kf6 68. Qh8+ Ke7 69. Qb8 Qd5 70.
Qc7+ Kf6 71. Qh7 Qe5+ 72. Kf2 Qd4+ 73. Kg3 Qg1+ 74. Kh3 Qh1+ 0-1

[Event "I Campeonato Brasileiro de Xadrez via I"]
[Site "Internet Chess Club"]
[Date "2008.12.21"]
[Round "4.2"]
[White "Mecking, Henrique"]
[Black "Leitao, Rafael"]
[Result "1/2-1/2"]
[WhiteElo "2567"]
[BlackElo "2590"]
[PlyCount "75"]
[EventDate "2008.12.21"]
[Source "lmi"]
[SourceDate "2008.12.21"]

1. d4 Nf6 2. c4 e6 3. Nf3 c5 4. d5 exd5 5. cxd5 d6 6. Nc3 g6 7. e4 a6 8. Qe2
Bg7 9. e5 dxe5 10. Qxe5+ Kf8 11. Bf4 Nbd7 12. Qc7 Qe7+ 13. Be2 Ne8 14. Qa5 b6
15. Qa3 Bb7 16. O-O h6 17. Rfe1 Qf6 18. Bg3 Nd6 19. Bd3 b5 20. Ne5 Nxe5 21.
Bxe5 b4 22. Bxf6 bxa3 23. Bxg7+ Kxg7 24. bxa3 Rhe8 25. Kf1 c4 26. Bc2 Nb5 27.
Rxe8 Rxe8 28. Ba4 Rc8 29. Nxb5 axb5 30. Bxb5 Bxd5 31. Rc1 c3 32. a4 Bxa2 33.
Ke2 Bb3 34. Kd3 c2 35. Kd2 Rc7 36. Bd3 Bxa4 37. Bxc2 Bxc2 38. Rxc2 1/2-1/2

[Event "I Campeonato Brasileiro de Xadrez via I"]
[Site "Internet Chess Club"]
[Date "2008.12.21"]
[Round "4.3"]
[White "Leitao, Rafael"]
[Black "Mecking, Henrique"]
[Result "1-0"]
[WhiteElo "2590"]
[BlackElo "2567"]
[PlyCount "95"]
[EventDate "2008.12.21"]
[Source "lmi"]
[SourceDate "2008.12.21"]

1. d4 Nf6 2. c4 e6 3. Nf3 d5 4. Nc3 c5 5. cxd5 Nxd5 6. e4 Nxc3 7. bxc3 cxd4 8.
cxd4 Bb4+ 9. Bd2 Bxd2+ 10. Qxd2 O-O 11. Bc4 Nc6 12. O-O b6 13. Rad1 Bb7 14.
Rfe1 Rc8 15. d5 exd5 16. Bxd5 Qe7 17. Qf4 Nd8 18. h4 Ne6 19. Qg4 Nc5 20. h5 h6
21. Bxb7 Qxb7 22. Nh4 Ne6 23. Nf5 Qc7 24. Nxh6+ Kh7 25. Nf5 Qf4 26. Qe2 Rfd8
27. g3 Qg5 28. Kh2 Rxd1 29. Rxd1 Rd8 30. f4 Qf6 31. Rxd8 Qxd8 32. e5 Qd5 33.
Qc2 Qc5 34. Qd2 Qc4 35. Nd6 Qc7 36. f5 Nc5 37. Qg5 Qd7 38. h6 gxh6 39. Qf6 Kg8
40. Qxh6 Qe7 41. f6 Qf8 42. Qg5+ Kh7 43. Qh5+ Kg8 44. Nf5 Ne6 45. Ne7+ Qxe7 46.
fxe7 Ng7 47. Qg5 Kh7 48. Qxg7+ 1-0

[Event "I Campeonato Brasileiro de Xadrez via I"]
[Site "Internet Chess Club"]
[Date "2008.12.21"]
[Round "4.4"]
[White "Mecking, Henrique"]
[Black "Leitao, Rafael"]
[Result "1/2-1/2"]
[WhiteElo "2567"]
[BlackElo "2590"]
[PlyCount "68"]
[EventDate "2008.12.21"]
[Source "lmi"]
[SourceDate "2008.12.21"]

1. d4 Nf6 2. c4 e6 3. Nf3 b6 4. g3 Ba6 5. b3 Bb4+ 6. Bd2 Be7 7. Bg2 c6 8. Bc3
d5 9. Ne5 Nfd7 10. Nxd7 Nxd7 11. Nd2 O-O 12. O-O f5 13. a4 Rb8 14. Re1 Bd6 15.
e3 Nf6 16. a5 b5 17. c5 b4 18. Bb2 Bc7 19. f4 Bb5 20. a6 Ne4 21. Bf1 Bxf1 22.
Rxf1 Nxd2 23. Qxd2 Rb5 24. Ra4 Qd7 25. Qe2 Rfb8 26. Rfa1 h6 27. Bc1 Qd8 28. Bd2
Kh7 29. Kh1 g6 30. g4 fxg4 31. Qxg4 Qf6 32. Rg1 Qf5 33. Qxf5 exf5 34. Kg2 Kg7
1/2-1/2

[Event "I Campeonato Brasileiro de Xadrez via I"]
[Site "Internet Chess Club"]
[Date "2008.12.21"]
[Round "4.5"]
[White "Leitao, Rafael"]
[Black "Mecking, Henrique"]
[Result "0-1"]
[WhiteElo "2590"]
[BlackElo "2567"]
[PlyCount "96"]
[EventDate "2008.12.21"]
[Source "lmi"]
[SourceDate "2008.12.21"]

1. d4 Nf6 2. c4 e6 3. Nf3 d5 4. Nc3 Be7 5. Bf4 O-O 6. e3 c5 7. dxc5 Bxc5 8. a3
Nc6 9. Qc2 Qe7 10. cxd5 Nxd5 11. Nxd5 exd5 12. Bd3 h6 13. Rc1 Bd6 14. Bxd6 Qxd6
15. h3 d4 16. e4 Be6 17. O-O Rac8 18. Qd2 Rfd8 19. Rfe1 f6 20. Nh2 Ne5 21. Bf1
d3 22. Rxc8 Rxc8 23. f4 Rc2 24. fxe5 Qd4+ 25. Qe3 d2 26. Qxd4 dxe1=Q 27. exf6
Qd2 28. Qe5 Qf2+ 29. Kh1 Qxf6 30. Qb8+ Rc8 31. Qxb7 Rc1 32. Qb5 Kh7 33. b3 a6
34. Qd3 Qg6 35. Nf3 Kh8 36. Kh2 Bxb3 37. Ne5 Qf6 38. Nf3 Qf4+ 39. Kg1 Qf7 40.
Qe3 Rb1 41. Kf2 Rb2+ 42. Kg3 Rb1 43. Be2 Qc7+ 44. e5 Bg8 45. Nd4 Rc1 46. Kh2
Rc5 47. Bd3 Rxe5 48. Qg3 Re7 0-1